Central Library OPAC University of Rajshahi

Pakistan's foreign policy : (Record no. 42126)

MARC details
000 -LEADER
fixed length control field 00849nam a2200277 a 4500
001 - CONTROL NUMBER
control field 42126
003 - CONTROL NUMBER IDENTIFIER
rucl marc code BD-RjUL
005 - DATE AND TIME OF LATEST TRANSACTION
control field 20211209053510.0
008 - FIXED-LENGTH DATA ELEMENTS--GENERAL INFORMATION
fixed length control field 160609s1990 pk 001 0 eng d
020 ## - INTERNATIONAL STANDARD BOOK NUMBER
International Standard Book Number 0195774078
035 ## - SYSTEM CONTROL NUMBER
System control number (BD-RjUL)42244
040 ## - CATALOGING SOURCE
Original cataloging agency BD-RjUL
Language of cataloging eng
Transcribing agency BD-RjUL
041 ## - LANGUAGE CODE
Language code of text/sound track or separate title eng
082 ## - DEWEY DECIMAL CLASSIFICATION NUMBER
Classification number 327.5491
Author mark and year BUP 1990
100 1# - MAIN ENTRY--PERSONAL NAME
Personal name Burke, S. M.
9 (RLIN) 129550
245 10 - TITLE STATEMENT
Title Pakistan's foreign policy :
Remainder of title an historical analysis /
Statement of responsibility, etc. S. M. Burke amd Lawrence Ziring
250 ## - EDITION STATEMENT
Edition statement 2nd ed
260 ## - PUBLICATION, DISTRIBUTION, ETC. (IMPRINT)
Place of publication, distribution, etc. Karachi ;
-- Oxford :
Name of publisher, distributor, etc. Oxford University Press,
Date of publication, distribution, etc. 1990
300 ## - PHYSICAL DESCRIPTION
Pagination xii, 498 p. ;
Size 22 cm
500 ## - GENERAL NOTE
General note Previous ed. 1973
General note Bibliography: p. 477-86. - Includes index
651 #0 - SUBJECT ADDED ENTRY--GEOGRAPHIC NAME
Geographic name Pakistan
General subdivision Foreign relations
9 (RLIN) 129551
700 1# - ADDED ENTRY--PERSONAL NAME
Personal name Ziring, Lawrence,
Dates associated with a name 1928-.
942 ## - ADDED ENTRY ELEMENTS (KOHA)
Source of classification or shelving scheme Dewey Decimal Classification
Koha item type Books
Holdings
Lost status Source of classification or shelving scheme Damaged status Not for loan Collection code Permanent Location Current Location Shelving location Date acquired Source of acquisition Cost, normal purchase price Total Checkouts Full call number Date last seen Copy number Koha item type
  Dewey Decimal Classification     Non-fiction Central Library, University of Rajshahi Central Library, University of Rajshahi   14/08/1994 Bangladesh lib. 19.50   327.5491 BUP 1990 09/06/2016 C-2 Books
  Dewey Decimal Classification     Non-fiction Central Library, University of Rajshahi Central Library, University of Rajshahi   14/08/1994 Bangladesh lib. 19.50   327.5491 BUP 1990 09/06/2016 C-3 Books